| 000 | 01000nam a22003137a 4500 | ||
|---|---|---|---|
| 003 | CHAP | ||
| 005 | 20220329135248.0 | ||
| 008 | 971013s1966 r 00010 d | ||
| 010 | _a33460 | ||
| 011 | _a34432 | ||
| 035 | _a38548 | ||
| 040 | _cCHAP | ||
| 082 |
_a575.2 _bC8 |
||
| 245 |
_aCurrent Topics in developmental biology _b: v.1- 1966- |
||
| 260 |
_aNew York : _bAcademic Press, _c1966- |
||
| 300 |
_av. _b: ilus. |
||
| 500 | _aLa biblioteca tiene: v.1 v.2 | ||
| 590 |
_aBATCH-UPD _b10 _c20130110 _lUCH01 _h1831 |
||
| 590 |
_aBATCH-UPD _b10 _c20130409 _lUCH01 _h1906 |
||
| 590 |
_aBATCH-UPD _b10 _c20130410 _lUCH01 _h1203 |
||
| 590 |
_aBATCH-UPD _b10 _c20130914 _lUCH01 _h1202 |
||
| 590 |
_aCONVERSION _b10 _c20130109 _lUCH01 _h1319 |
||
| 650 | 1 | 4 |
_aDiferenciación (Biología) _932557 |
| 650 | 1 | 4 |
_aEvolución. _939007 |
| 901 | _aBK | ||
| 942 | _cLIBRO | ||
| 949 |
_a575.2 C8 _bBC _cC _d33724000517256 _eC _fv.1 _h15491 _i38548 _si |
||
| 949 |
_a575.2 C8 _bBC _cC _d33724000517264 _eC _fv.2 _h15492 _i38548 _si |
||
| 999 |
_c33460 _d33460 |
||